<?xml version="1.0" encoding="UTF-8"?>
<collection xmlns="http://www.loc.gov/MARC21/slim">
 <record>
  <leader>01488nam a2200205Ia 4500</leader>
  <controlfield tag="001">CTU_154889</controlfield>
  <controlfield tag="008">210402s9999    xx            000 0 und d</controlfield>
  <datafield tag="020" ind1=" " ind2=" ">
   <subfield code="c">69000</subfield>
  </datafield>
  <datafield tag="082" ind1=" " ind2=" ">
   <subfield code="a">294.354</subfield>
  </datafield>
  <datafield tag="082" ind1=" " ind2=" ">
   <subfield code="b">Kh103</subfield>
  </datafield>
  <datafield tag="245" ind1=" " ind2="0">
   <subfield code="a">Khái thuật phật giáo Ấn Độ</subfield>
  </datafield>
  <datafield tag="245" ind1=" " ind2="0">
   <subfield code="c">Thích Hoàng Trí dịch</subfield>
  </datafield>
  <datafield tag="260" ind1=" " ind2=" ">
   <subfield code="a">Hà Nội</subfield>
  </datafield>
  <datafield tag="260" ind1=" " ind2=" ">
   <subfield code="b">Phương Đông</subfield>
  </datafield>
  <datafield tag="260" ind1=" " ind2=" ">
   <subfield code="c">2009</subfield>
  </datafield>
  <datafield tag="520" ind1=" " ind2=" ">
   <subfield code="a">Đây là cuốn sách có nội dung tương đối rộng, nên gọi là “Khái thuật”, vấn đề chủ yếu là nằm ở tình hình nhìn nhận đánh giá chung và hiện tượng được sản sinh trong lịch sử. Xét về lĩnh vực giáo lý thì nội dung cuốn sách này chưa chuyên sâu vì chuyên tập có liên quan đến Phật giáo Ấn Độ có đến 8 cuốn. Nếu đưa thêm những giáo nghĩa khác vào chuyên tập có liên quan đến Ấn Độ thì bộ Tùng san này sẽ có hơn một nửa là tác phẩm bao gồm các vấn đề về Phật giáo Ấn Độ, như chuyên tập viết về Duy thức, cho đến việc nghiên cứu các vấn đề căn bản như Câu-xá, Nhân minh...</subfield>
  </datafield>
  <datafield tag="650" ind1=" " ind2=" ">
   <subfield code="a">Buddhism,Đạo Phật</subfield>
  </datafield>
  <datafield tag="650" ind1=" " ind2=" ">
   <subfield code="z">India,Ấn Độ</subfield>
  </datafield>
  <datafield tag="904" ind1=" " ind2=" ">
   <subfield code="i">Năm</subfield>
  </datafield>
  <datafield tag="980" ind1=" " ind2=" ">
   <subfield code="a">Trung tâm Học liệu Trường Đại học Cần Thơ</subfield>
  </datafield>
 </record>
</collection>
